Drogue Love- JUL - Statistiques

Statistiques générales
  • Ce quiz a été pris 35 fois
    12 depuis la dernière actualisation
  • Le résultat moyen est 116 sur 497
Statistiques - réponses
Paroles % Correct
à
70%
Tu
70%
tu
70%
Drogue
60%
drogue
60%
te
60%
elle
50%
elle,
50%
la
50%
l'a
50%
love,
50%
love
50%
de
40%
et
40%
Et
40%
ma
40%
pour
40%
avec
30%
ça
30%
Ca
30%
ca,
30%
ca
30%
c'est
30%
C'est
30%
dis:
30%
fais
30%
Il
30%
il
30%
le
30%
les
30%
Les
30%
me
30%
pas
30%
pas,
30%
que
30%
qui
30%
qui ?"
30%
ta
30%
t'a
30%
Ta
30%
T'es
30%
tes
30%
t'es
30%
Tes
30%
toi
30%
au
20%
Au
20%
bien
20%
des
20%
En
20%
en
20%
est
20%
fait
20%
fait,
20%
l'amour
20%
mais
20%
Mais
20%
même
20%
on
20%
ou
20%
20%
20%
plus"
20%
plus
20%
potes
20%
qu'elle
20%
sa
20%
son
20%
sur
20%
Sur
20%
ton
20%
va
20%
veux
20%
vie
20%
vie,
20%
vite
20%
vrai;
20%
ailes
10%
après
10%
belle,
10%
brise
10%
brisent
10%
cabrer
10%
caractère
10%
carré;
10%
cherches
10%
coeur
10%
cœur
10%
comme
10%
connais
10%
console
10%
coupé
10%
croise
10%
croisé
10%
déçois,
10%
d'elle
10%
dit:
10%
dit ?"
10%
dit
10%
d'la
10%
donner
10%
dos
10%
du
10%
essayer
10%
être
10%
fané
10%
forte
10%
fou,
10%
gens
10%
haine:
10%
J'crois
10%
j'l'ai
10%
"j'l'aime
10%
"J'te
10%
j'vois
10%
l'aimes;
10%
lui
10%
lui,
10%
mannies,
10%
mêmes
10%
met
10%
minotte
10%
mis
10%
mots,
10%
nuit ?"
10%
parler
10%
penses
10%
per
10%
perds
10%
plein
10%
pleins
10%
pleure
10%
princesse,
10%
ptit
10%
pu
10%
Putain,
10%
quand
10%
qu'tous
10%
qu'tu
10%
réalises
10%
revoir
10%
rien
10%
secteur
10%
sentiments
10%
ses
10%
seul
10%
soir
10%
T'aimes
10%
t'aurais
10%
temps
10%
t'en
10%
terre
10%
tête,
10%
t'ignore
10%
t'la
10%
t'l'a
10%
t'met
10%
t'mets
10%
toi-même;
10%
touché,
10%
tours
10%
tous
10%
t'refoules
10%
un
10%
une
10%
Une
10%
vers
10%
veulent
10%
viennent
10%
viens
10%
vois
10%
voyais
10%
accrochée
0%
amie
0%
anniv',
0%
avant
0%
bases,
0%
Bientot,
0%
blessures
0%
boite
0%
brancher
0%
cadeau
0%
cauchemars
0%
Certes,
0%
chiennes
0%
copines
0%
d'autres
0%
d'faire
0%
d'gadjis,
0%
effacer
0%
envie
0%
"est-ce
0%
eu
0%
Facebook,
0%
famille
0%
faut
0%
feu,
0%
finalement
0%
fini,
0%
folle,
0%
frappé ?
0%
gadjis,
0%
garder
0%
hommes
0%
ils
0%
insulte
0%
j'aime
0%
jour
0%
J't'ai
0%
laisses,
0%
largué
0%
l'as
0%
l'mac
0%
l'voulais
0%
mecs,
0%
mecs
0%
meilleur
0%
mise
0%
mois
0%
morts
0%
"ne
0%
nouvelles
0%
passe
0%
perdu
0%
perdu,
0%
photos
0%
pleures
0%
Pleures
0%
pris
0%
qu'c'est
0%
question
0%
qu'il
0%
quitta.
0%
quitte
0%
"quittes-le,
0%
qu'pour
0%
qu'y'avait
0%
rage
0%
Repars
0%
repenses,
0%
restes
0%
ris
0%
s'amuse,
0%
s'met
0%
t'as
0%
tellement
0%
t'largue"
0%
t'nargue
0%
t'ont
0%
toujours
0%
toute
0%
toutes
0%
t'perdre,
0%
trahie ?
0%
trahissent
0%
t'regrettera
0%
trop
0%
t'saouler
0%
t'voit
0%
valises
0%
vida
0%
voulais
0%
Aucun quiz correspondant
Distribution des résultats
% des personnes avec chaque résultat
Percentile par nombre de réponses
Votre historique - résultats
Vous n’avez pas pris ce quiz depuis la dernière actualisation